000 00352nam a2200133Ia 4500
005 20260328101444.0
008 260328s9999||||xx |||||||||||||| ||und||
100 _aInternationale Bauausstellung
245 0 _aArchitecture in Latin America /
_cInternationale Bauausstellung
260 _bBerlin
300 _a79 p.
650 _aARQUITECTOS
942 _cBK
999 _c8395
_d8395